Normal view MARC view

Entry Nombre personal

Number of records used in: 1

001 - NÚMERO DE CONTROL

  • campo de control: 28132

003 - IDENTIFICADOR DE NÚMERO DE CONTROL

  • campo de control: OSt

005 - FECHA Y HORA DE LA ÚLTIMA TRANSACCIÓN

  • campo de control: 20221005160757.0

008 - ELEMENTOS DE DATO DE LONGITUD-FIJA

  • campo de control de longitud fija: 221005|| aca||aabn | a|a d

040 ## - FUENTE DE CATALOGACIÓN

  • Centro catalogador/agencia de origen: OSt
  • Centro/agencia transcriptor: OSt

100 ## - ENCABEZAMIENTO-NOMBRE DE PERSONA

  • Nombre de persona: LOKMAN, Ahmad Mohamed

670 ## - FUENTE DE DATOS ENCONTRADOS

  • Cita de la fuente: Work cat.: (OSt)36304: ARAB LABOR ORGANIZATION 28131, <The> Israeli Settlements and its Economic and Social Destructive Effects on the Employers and Employees Situations in Palestine and the Occupied Arab Territories, 2007]

Powered by Koha